[Event "XXVI Miedzynarodowy Festiwal Szachowy w Poznaniu - OPEN A"]
[Site "Poznan"]
[Date "2018-08-19"]
[Round "1.31"]
[White "Stachowiak, Slawomir "]
[Black "Dopierala, Adam"]
[Result "1-0"]
[WhiteTitle ""]
[BlackTitle ""]
[WhiteElo "1872"]
[BlackElo "1305"]

1. e4 e5 2. Nf3 Nc6 3. Bb5 Bc5 4. O-O d6 5. c3 Bd7 6. d4 Bb6 7. Bxc6 Bxc6 8. dxe5
Bxe4 9. exd6 Nf6 10. dxc7 Qxd1 11. Rxd1 Bxc7 12. Bg5 Bxf3 13. gxf3 Rd8 14. Nd2
h6 15. Be3 b6 16. Nb3 Nd5 17. Rd3 Ke7 18. Rad1 Nf4 19. Bxf4 Rxd3 20. Rxd3 Bxf4
21. Rd4 g5 22. Re4+ Kf6 23. Nd4 Rd8 24. Kg2 Bc1 25. Re2 Rd5 26. Rc2 Bf4 27. Ne2
Be5 28. c4 Rd1 29. b3 Rd3 30. Ng3 Kg6 31. c5 bxc5 32. Rxc5 f6 33. Ne4 h5 34. h3
Kf5 35. Rc7 g4 36. hxg4+ hxg4 37. Nd2 Rd4 38. fxg4+ Rxg4+ 39. Kf1 Rf4 40. Ne4
Bd4 41. Rc1 Bc5 1-0

[Event "XXVI Miedzynarodowy Festiwal Szachowy w Poznaniu - OPEN A"]
[Site "Poznan"]
[Date "2018-08-19"]
[Round "1.32"]
[White "Trochimowicz, Bartosz"]
[Black "Kozlowski, Tomasz"]
[Result "0-1"]
[WhiteTitle ""]
[BlackTitle ""]
[WhiteElo "1302"]
[BlackElo "1858"]

1. d4 Nf6 2. Bg5 d5 3. e3 e6 4. Bd3 Be7 5. Nd2 c5 6. c3 Nc6 7. f4 h6 8. Bh4 Qb6
9. Rb1 Bd7 10. Ngf3 c4 11. Bc2 g5 12. fxg5 Ng4 13. Qe2 hxg5 14. Bg3 f5 15. h3
O-O-O 16. b4 Nxe3 17. Qxe3 f4 18. Bxf4 gxf4 19. Qxf4 Rdf8 20. Qe3 e5 21. Nxe5
Nxe5 22. Qxe5 Rhg8 23. Qxd5 Be6 24. Qa5 Qxa5 25. bxa5 Rxg2 26. Be4 Bh4+ 27. Kd1
Rg3 28. Bxb7+ Kc7 29. Ne4 Re3 30. Nc5 Bf5 31. Rb2 Rfe8 32. Na6+ Kd6 33. Kd2 Re1
34. Rxe1 Rxe1 0-1

[Event "XXVI Miedzynarodowy Festiwal Szachowy w Poznaniu - OPEN A"]
[Site "Poznan"]
[Date "2018-08-19"]
[Round "1.33"]
[White "Poltorak, Sebastian"]
[Black "Korzystka, Wiktor"]
[Result "1-0"]
[WhiteTitle ""]
[BlackTitle ""]
[WhiteElo "1854"]
[BlackElo "1261"]

1. d4 e6 2. c4 f5 3. g3 Nf6 4. Bg2 c6 5. Nc3 d5 6. Nh3 Be7 7. O-O O-O 8. f3 Bd7
9. Nf2 Be8 10. e4 fxe4 11. fxe4 Bh5 12. g4 Bg6 13. Be3 dxe4 14. Ncxe4 Nbd7 15.
Ng5 Bf7 16. Nfh3 e5 17. Nxf7 Rxf7 18. Ng5 exd4 19. Nxf7 Kxf7 20. Bxd4 Qc7 21.
g5 Rd8 22. gxf6 Nxf6 23. Qh5+ Kg8 24. Bxf6 Bxf6 25. Rae1 g6 26. Qg4 Kg7 27. Rxf6
Kxf6 28. Qh4+ g5 29. Qh6+ Kf5 30. Qe6+ Kf4 1-0

[Event "XXVI Miedzynarodowy Festiwal Szachowy w Poznaniu - OPEN A"]
[Site "Poznan"]
[Date "2018-08-19"]
[Round "1.34"]
[White "Plichta, Olga"]
[Black "Rozumek, Krzysztof "]
[Result "1-0"]
[WhiteTitle ""]
[BlackTitle ""]
[WhiteElo "1244"]
[BlackElo "1848"]

1. e4 c6 2. d4 d5 3. exd5 cxd5 4. Bd3 Nf6 5. Ne2 g6 6. c3 Nc6 7. Bf4 Nh5 8. Nd2
Bg4 9. f3 Bf5 10. Bxf5 gxf5 11. Qb3 b6 12. g4 fxg4 13. fxg4 Nxf4 14. Nxf4 e6 15.
O-O-O Qc7 16. Ne2 Bg7 17. Nf3 O-O 18. Qc2 Rac8 19. Ng5 Rfe8 20. Qxh7+ Kf8 21.
Rhf1 Nd8 22. Nf4 Re7 23. Ng6+ Ke8 24. Nxe7 Bxd4 25. Rxd4 Qxe7 26. Qg8+ Kd7 27.
Nxf7 Nc6 28. Qg7 Nxd4 29. Qxd4 Rf8 30. Qa4+ Kc8 31. Qc6+ Kb8 32. Re1 Qxf7 33.
Qxe6 Qf4+ 34. Kd1 Qxh2 35. Qxd5 Qc7 36. Qe5 Rd8+ 37. Kc2 Rd6 38. g5 Qd7 39. Qe3
Rg6 40. Qf4+ Kb7 41. Re5 Rg8 42. Qe4+ Kb8 43. Qe2 Qh7+ 44. Kc1 Qh1+ 45. Qe1 Qf3
46. Re3 Qf4 47. Qg3 Qc7 48. Qxc7+ Kxc7 49. Re7+ Kd6 50. Rxa7 1-0

[Event "XXVI Miedzynarodowy Festiwal Szachowy w Poznaniu - OPEN A"]
[Site "Poznan"]
[Date "2018-08-19"]
[Round "1.35"]
[White "Duszczak, Dariusz"]
[Black "Purczynski, Andrzej"]
[Result "1-0"]
[WhiteTitle ""]
[BlackTitle ""]
[WhiteElo "1845"]
[BlackElo "1235"]

1. e4 e6 2. d4 d5 3. Nd2 c5 4. Ngf3 Nc6 5. exd5 exd5 6. Bb5 Nf6 7. O-O Be7 8. dxc5
Bxc5 9. Nb3 Be7 10. Be3 O-O 11. Nbd4 Qc7 12. c3 a6 13. Bd3 Ng4 14. Re1 Bd6 15.
h3 Nxe3 16. Rxe3 Nxd4 17. Nxd4 Bc5 18. Qh5 g6 19. Qxd5 Rd8 20. Qf3 Bxd4 21. cxd4
Rxd4 22. Re8+ Kg7 23. Rae1 Qf4 24. Qxf4 Rxf4 25. Rc1 Bf5 26. Rxa8 Bxd3 27. Rd8
Bb5 28. Rcd1 Re4 29. R8d4 Re2 30. R4d2 Re7 31. f3 h5 32. h4 Re6 33. Kf2 Re7 34.
b3 Bc6 35. Rd6 Re5 36. Rc1 Bb5 37. Rc2 Re7 38. a4 Bc6 39. Re2 Rc7 40. Ke3 Bd7
41. Kd4 Be6 42. Rb6 Rd7+ 43. Ke3 Rc7 44. Kf4 Kf6 45. g4 hxg4 46. fxg4 Kg7 47.
Rbxe6 fxe6 48. Rxe6 Rf7+ 49. Ke4 Rd7 50. g5 Rf7 51. b4 Rd7 52. b5 axb5 53. axb5
Kf7 54. Rf6+ Kg7 55. b6 Rd1 56. Ke5 Rc1 57. Rd6 Re1+ 58. Kd5 Rd1+ 59. Ke6 Re1+
60. Kd7 Rc1 61. Kd8 Kf7 62. Rd7+ Ke6 63. Rxb7 Rd1+ 64. Ke8 Kf5 65. Re7 Rb1 66.
b7 Rb4 67. Kd8 Rxh4 68. b8=Q Rh8+ 69. Re8 1-0

[Event "XXVI Miedzynarodowy Festiwal Szachowy w Poznaniu - OPEN A"]
[Site "Poznan"]
[Date "2018-08-19"]
[Round "1.36"]
[White "Aleshko, Igor L"]
[Black "Kus, Aleksander"]
[Result "1/2-1/2"]
[WhiteTitle ""]
[BlackTitle ""]
[WhiteElo "1222"]
[BlackElo "1844"]

1. d4 Nf6 2. c4 g6 3. g3 Bg7 4. Bg2 O-O 5. Nf3 d6 6. O-O Nc6 7. Nc3 a6 8. Qc2 Bg4
9. e3 Qd7 10. Bd2 Bh3 11. Ne4 Bxg2 12. Kxg2 e5 13. Nxf6+ Bxf6 14. d5 Ne7 15. e4
Bg7 16. c5 h6 17. Rac1 Rac8 18. Qb3 dxc5 19. Rxc5 c6 20. dxc6 Nxc6 21. Rd5 Qe7
22. Bc3 Rfd8 23. Rfd1 Kh7 24. Rxd8 Rxd8 25. Rxd8 Nxd8 26. Qb4 Qc7 27. Nd2 Nc6
28. Qc5 b6 29. Qd5 f6 30. Nc4 b5 31. Ne3 Ne7 32. Qe6 Qb7 33. Nd5 Nxd5 34. exd5
Bf8 35. Qc6 Qb8 36. Qxf6 Qd6 37. Qxe5 Qxe5 38. Bxe5 Kg8 39. Kf3 Kf7 40. Ke4 Bc5
41. Bd4 Bd6 42. Be3 h5 43. Bg5 Ke8 44. h3 Kd7 45. f4 1/2-1/2

[Event "XXVI Miedzynarodowy Festiwal Szachowy w Poznaniu - OPEN A"]
[Site "Poznan"]
[Date "2018-08-19"]
[Round "1.37"]
[White "Glatty, Zbigniew "]
[Black "Nowak, Patrycja"]
[Result "1-0"]
[WhiteTitle ""]
[BlackTitle ""]
[WhiteElo "1828"]
[BlackElo "1221"]

1. e4 c6 2. d4 d5 3. Nc3 dxe4 4. Nxe4 Bf5 5. Ng3 Bg6 6. h4 h6 7. Nf3 Nd7 8. h5
Bh7 9. Bd3 Bxd3 10. Qxd3 e6 11. Bd2 Ngf6 12. O-O-O Qc7 13. Ne4 O-O-O 14. Nxf6
Nxf6 15. Qe2 c5 16. dxc5 Bxc5 17. Ne5 Bd6 18. f4 Rhf8 19. Kb1 Nd5 20. c4 Nb4 21.
Bc3 f6 22. Ng6 Rfe8 23. Qe4 Nc6 24. Rhe1 e5 25. fxe5 Nxe5 26. Bxe5 Bxe5 27. Rxd8+
Qxd8 28. Qg4+ Qd7 29. Qxd7+ Kxd7 30. Kc2 Bg3 31. Rxe8 Kxe8 32. Kd3 Kd7 33. Ke4
Ke6 34. Nf4+ Kf7 35. b3 b6 36. Ne2 Bf2 37. Kf5 Bc5 38. Nc3 a5 39. Nd5 Bd4 40.
a3 Bc5 41. b4 axb4 42. axb4 Bd4 43. g4 Bf2 44. Nf4 Bd4 45. Nd3 Ke7 46. Ke4 Bc3
47. Kd5 Kd7 48. b5 Bd2 49. c5 bxc5 50. Nxc5+ Kc7 51. Ne6+ Kb6 52. Kc4 Bg5 53.
Nxg7 Bf4 54. Ne6 Bg3 55. Nc5 Bf4 56. Nd7+ 1-0

[Event "XXVI Miedzynarodowy Festiwal Szachowy w Poznaniu - OPEN A"]
[Site "Poznan"]
[Date "2018-08-19"]
[Round "1.38"]
[White "Aleshko, Margarita "]
[Black "Wojdak, Jan"]
[Result "0-1"]
[WhiteTitle ""]
[BlackTitle ""]
[WhiteElo "1219"]
[BlackElo "1818"]

1. e4 c5 2. Nf3 Nc6 3. c3 d5 4. e5 Bf5 5. d4 e6 6. Be3 cxd4 7. Bxd4 Qc7 8. Bd3
Bxd3 9. Qxd3 Nge7 10. O-O Ng6 11. Re1 Be7 12. Nbd2 O-O 13. Nb3 b6 14. Rac1 Rac8
15. Qe3 Qd8 16. Red1 Qd7 17. Nbd2 Nxd4 18. Nxd4 Bc5 19. N2f3 f6 20. exf6 Rxf6
21. Qd2 Rcf8 22. Nb3 Bd6 23. Rc2 Nf4 24. Ne1 Rg6 25. Qe3 Qf7 26. Rdd2 Rg5 27.
g3 Re5 28. Qxf4 Rxe1+ 0-1

[Event "XXVI Miedzynarodowy Festiwal Szachowy w Poznaniu - OPEN A"]
[Site "Poznan"]
[Date "2018-08-19"]
[Round "1.40"]
[White "Cichon, Mieczyslaw "]
[Black "Polarczyk, Pawel "]
[Result "0-1"]
[WhiteTitle ""]
[BlackTitle ""]
[WhiteElo "1199"]
[BlackElo "1811"]

1. e4 e6 2. Nc3 d5 3. d3 dxe4 4. Nxe4 Nf6 5. Bg5 Be7 6. Nf3 h6 7. Bxf6 Bxf6 8.
Nxf6+ Qxf6 9. c3 c5 10. Qa4+ Bd7 11. Qb3 Nc6 12. Rd1 b6 13. d4 cxd4 14. Nxd4 Nxd4
15. Rxd4 Qe5+ 16. Be2 Bc6 17. f3 O-O 18. Qc2 Rfd8 19. Rg4 Rd6 20. O-O Qe3+ 21.
Kh1 Rd2 22. Qb3 Qxe2 23. Rg1 Rxb2 24. Qa3 Rxa2 25. Qe7 Bxf3 26. Rg3 Bh5 27. Qf6
Bg6 28. Qe7 a5 29. h4 Rd2 30. Rf3 Rad8 31. Rff1 Qg4 32. Kh2 a4 33. Rf3 Qxf3 0-1

[Event "XXVI Miedzynarodowy Festiwal Szachowy w Poznaniu - OPEN A"]
[Site "Poznan"]
[Date "2018-08-19"]
[Round "1.41"]
[White "Szymanski, Zbigniew"]
[Black "Lesien, Tymoteusz"]
[Result "1-0"]
[WhiteTitle ""]
[BlackTitle ""]
[WhiteElo "1804"]
[BlackElo "1147"]

1. d4 d5 2. Nf3 Nc6 3. Bf4 Nf6 4. e3 g6 5. c4 Bg7 6. Nc3 Bg4 7. h3 Bxf3 8. Qxf3
e6 9. cxd5 exd5 10. Bb5 O-O 11. O-O Nb4 12. a3 Nc6 13. Bg5 Qd6 14. Bxf6 Bxf6 15.
Qxd5 Be7 16. Qxd6 Bxd6 17. Bxc6 bxc6 18. Na4 Rab8 19. Rac1 Rb5 20. Rxc6 Rfb8 21.
Ra6 R8b7 22. b4 Kf8 23. Rc1 Rf5 24. Nc5 Rb5 25. Rxa7 Bxc5 26. Rxc5 Rbxc5 27. bxc5
c6 28. a4 Rd5 29. a5 Rd8 30. a6 Kg7 31. Rc7 Ra8 32. Rxc6 1-0

[Event "XXVI Miedzynarodowy Festiwal Szachowy w Poznaniu - OPEN A"]
[Site "Poznan"]
[Date "2018-08-19"]
[Round "1.42"]
[White "Cichon, Ludwik "]
[Black "Janicki, Rafal "]
[Result "0-1"]
[WhiteTitle ""]
[BlackTitle ""]
[WhiteElo "1139"]
[BlackElo "1800"]

1. e4 c5 2. Nc3 Nc6 3. Nf3 e6 4. Bb5 Nge7 5. O-O a6 6. Bxc6 Nxc6 7. d3 Be7 8. Be3
O-O 9. Ne2 d6 10. c4 Rb8 11. Qd2 e5 12. h3 f5 13. Bg5 f4 14. Bxe7 Qxe7 15. Nh2
g5 16. f3 h5 17. Rf2 Rf7 18. Nc3 g4 19. fxg4 hxg4 20. hxg4 Rh7 21. Rf3 Be6 22.
Rh3 Rf8 23. Rf1 Qg5 24. Rxh7 Kxh7 25. Qd1 Kg7 26. Rf3 Bxg4 27. Nxg4 Qxg4 28. Rh3
Qxd1+ 29. Nxd1 Rh8 30. Rxh8 Kxh8 31. Kf2 Nb4 32. Ke2 Nxa2 33. Kd2 Kg7 34. b3 Kg6
35. Nb2 b5 36. Nd1 Kg5 37. Ke2 Kg6 38. Kd2 Nb4 39. Kc3 Kg5 40. Kd2 Kg4 0-1

[Event "XXVI Miedzynarodowy Festiwal Szachowy w Poznaniu - OPEN A"]
[Site "Poznan"]
[Date "2018-08-19"]
[Round "1.43"]
[White "Kacprzak, Karol"]
[Black "Kolendo, Kajetan "]
[Result "1-0"]
[WhiteTitle ""]
[BlackTitle ""]
[WhiteElo "1799"]
[BlackElo "1132"]

1. e4 e6 2. d4 d5 3. Nc3 Bb4 4. e5 c5 5. Bd2 cxd4 6. Nb5 Bc5 7. b4 Be7 8. Nxd4
Qc7 9. f4 f6 10. Ngf3 Nc6 11. c3 Bd7 12. b5 Nxd4 13. cxd4 Nh6 14. Bd3 Qb6 15.
a4 fxe5 16. a5 Qc7 17. Nxe5 O-O 18. O-O Nf5 19. Rc1 Qd8 20. Rf3 Nxd4 21. Bxh7+
1-0

[Event "XXVI Miedzynarodowy Festiwal Szachowy w Poznaniu - OPEN A"]
[Site "Poznan"]
[Date "2018-08-19"]
[Round "1.44"]
[White "Biniak, Zuzanna"]
[Black "Lesien, Przemyslaw "]
[Result "0-1"]
[WhiteTitle ""]
[BlackTitle ""]
[WhiteElo "1048"]
[BlackElo "1793"]

1. e4 c5 2. Nf3 a6 3. d4 cxd4 4. Nxd4 Nf6 5. Nc3 e5 6. Nf3 Bb4 7. Bd3 d5 8. Bd2
Bxc3 9. Bxc3 dxe4 10. Bxe4 Qxd1+ 11. Rxd1 Nxe4 12. Bxe5 O-O 13. O-O Nc6 14. Rfe1
Nxe5 15. Nxe5 Nf6 16. Nf3 Bg4 17. Rd3 Rac8 18. c3 Rfe8 19. Red1 Bxf3 20. Rxf3
Re2 21. Rfd3 Rce8 22. h3 Rxb2 23. a4 Kf8 24. Rf3 Re4 25. a5 Rb5 26. Ra1 Ree5 27.
c4 Rxa5 28. Rb1 b5 29. cxb5 axb5 30. Rb4 Nd5 31. Rd4 Ra1+ 32. Kh2 Ra4 33. Rdd3
Ke7 34. Rb3 b4 35. Rfd3 Kd6 36. Rg3 g6 37. Rgf3 f5 38. Rfd3 Kc5 39. Rb2 Kc4 40.
Rbd2 Nb6 41. Rd4+ Kc5 42. Kg3 b3 43. R4d3 Nc4 44. Rc3 Ra2 45. Rd1 b2 46. Rb1 Kb4
47. Rd3 Na3 48. Rbd1 b1=Q 0-1

[Event "XXVI Miedzynarodowy Festiwal Szachowy w Poznaniu - OPEN A"]
[Site "Poznan"]
[Date "2018-08-19"]
[Round "1.45"]
[White "Pawlowski, Rafal "]
[Black "Nawrowski, Artur "]
[Result "1-0"]
[WhiteTitle ""]
[BlackTitle ""]
[WhiteElo "1791"]
[BlackElo "1024"]

1. d4 d6 2. Nf3 Nf6 3. c4 g6 4. Nc3 Bg7 5. e4 Nc6 6. d5 Ne5 7. Nxe5 dxe5 8. Be2
O-O 9. h4 Bd7 10. h5 e6 11. Be3 exd5 12. cxd5 c6 13. Qd2 Bg4 14. hxg6 fxg6 15.
f3 Bd7 16. Bc4 b5 17. Bb3 cxd5 18. Nxd5 Kh8 19. Bh6 Nxd5 20. Bxg7+ Kxg7 21. Qh6+
1-0

[Event "XXVI Miedzynarodowy Festiwal Szachowy w Poznaniu - OPEN A"]
[Site "Poznan"]
[Date "2018-08-19"]
[Round "1.46"]
[White "Kapustka, Oskar"]
[Black "Grochowski, Michal "]
[Result "0-1"]
[WhiteTitle ""]
[BlackTitle ""]
[WhiteElo "1012"]
[BlackElo "1781"]

1. e4 c5 2. Nf3 Nc6 3. d4 cxd4 4. Nxd4 g6 5. Nc3 Bg7 6. Be3 Nf6 7. Be2 O-O 8. O-O
d5 9. exd5 Nxd5 10. Nxd5 Qxd5 11. c3 Nxd4 12. cxd4 Rd8 13. Bf3 Qb5 14. Qd2 e5
15. d5 Bf5 16. Rfd1 Rac8 17. Rac1 Rxc1 18. Rxc1 b6 19. b3 Bf8 20. Be2 Qxd5 21.
Qxd5 Rxd5 22. h3 Kg7 23. Kf1 Ba3 24. Rc4 Bd7 25. Rc7 Bf5 26. Rxa7 Bc5 27. Bxc5
Rxc5 28. Bc4 b5 29. Ra5 Be6 30. Rxb5 Rxc4 31. Rxe5 Rc1+ 32. Re1 Rc2 33. Re2 Rc1+
34. Re1 Rxe1+ 35. Kxe1 Kf6 36. Kd2 Ke5 37. Kc3 Kd5 38. b4 Kc6 39. a4 Kb6 40. Kd4
f6 41. Kc3 Bd5 42. g3 Bg2 43. h4 h5 44. Kd4 Bf3 45. Ke3 Bd1 46. Kd4 Kc6 47. a5
Be2 48. Ke3 Bb5 49. Kf4 Kd6 50. g4 Ke6 51. g5 f5 52. Ke3 Ke5 53. f4+ Kd5 54. Kf3
Kd4 55. Kf2 Ke4 56. Kg3 Ke3 57. Kg2 Kxf4 58. Kf2 Ke4 59. Kg3 f4+ 60. Kf2 f3 0-1

[Event "XXVI Miedzynarodowy Festiwal Szachowy w Poznaniu - OPEN A"]
[Site "Poznan"]
[Date "2018-08-19"]
[Round "2.1"]
[White "Szuminski, Marek "]
[Black "Koziak, Vitali "]
[Result "0-1"]
[WhiteTitle ""]
[BlackTitle ""]
[WhiteElo "1942"]
[BlackElo "2476"]

1. d4 f5 2. Nf3 Nf6 3. c4 g6 4. Bf4 Bg7 5. e3 O-O 6. Nc3 d6 7. h3 Nc6 8. d5 e5
9. dxe6 Ne4 10. Rc1 Bxc3+ 11. bxc3 Qe7 12. Be2 Bxe6 13. Nd4 Bd7 14. O-O Rae8 15.
Bf3 b6 16. Nxc6 Bxc6 17. Qd4 g5 18. Bh2 Qe6 19. g4 fxg4 20. Bxg4 Qg6 21. Be2 g4
22. hxg4 Ng5 23. f3 Bxf3 0-1

[Event "XXVI Miedzynarodowy Festiwal Szachowy w Poznaniu - OPEN A"]
[Site "Poznan"]
[Date "2018-08-19"]
[Round "2.2"]
[White "Sieciechowicz, Marcin"]
[Black "Nadstoga, Wojciech "]
[Result "1-0"]
[WhiteTitle ""]
[BlackTitle ""]
[WhiteElo "2424"]
[BlackElo "1928"]

1. d4 Nf6 2. c4 c5 3. d5 d6 4. Nc3 g6 5. Nf3 Bg7 6. Bf4 Nh5 7. Bg5 h6 8. Bd2 g5
9. g3 Nd7 10. Bg2 Ne5 11. Nxe5 dxe5 12. Be3 Bd7 13. d6 e6 14. Bxc5 Qc8 15. Be3
Qxc4 16. Qb3 Qxb3 17. axb3 Bc6 18. Bxc6+ bxc6 19. Rxa7 Rxa7 20. Bxa7 Kd7 21. Bc5
Rb8 22. b4 f5 23. O-O Nf6 24. Ra1 Rb7 25. Ra8 Nd5 26. Rg8 Bf6 27. Rg6 Bd8 28.
Rxh6 g4 29. h4 gxh3 30. Rxh3 e4 31. Nb1 Bf6 32. Nd2 Bxb2 33. Nc4 Bc3 34. Na5 Rxb4
35. Rh7+ Kd8 36. Nxc6+ 1-0

[Event "XXVI Miedzynarodowy Festiwal Szachowy w Poznaniu - OPEN A"]
[Site "Poznan"]
[Date "2018-08-19"]
[Round "2.3"]
[White "Niedbala, Wojciech "]
[Black "Urban, Klaudiusz "]
[Result "0-1"]
[WhiteTitle ""]
[BlackTitle ""]
[WhiteElo "1914"]
[BlackElo "2424"]

1. d4 Nf6 2. Bf4 g6 3. Nc3 Bg7 4. e4 d6 5. Qd2 Nc6 6. O-O-O h6 7. h3 Nh5 8. Be3
e5 9. dxe5 dxe5 10. Qxd8+ Nxd8 11. Bc4 c6 12. Rxd8+ Kxd8 13. Bxf7 Nf4 14. g3 Be6
15. Bxe6 Nxe6 16. Nf3 Ke7 17. Ne2 Kf6 18. Nd2 Bf8 19. Nb3 b6 20. Rd1 Rd8 21. Rxd8
Nxd8 22. a4 Bd6 23. a5 Bc7 24. c3 Nf7 25. axb6 axb6 26. Kc2 Ng5 27. f4 Nxe4 28.
Kd3 Nc5+ 29. Nxc5 bxc5 30. Bxc5 Rd8+ 31. Ke3 exf4+ 32. Nxf4 Re8+ 33. Kf3 Bxf4
34. Kxf4 Re2 35. b4 Ke6 36. Kf3 Rh2 37. h4 Kf5 38. Bd4 h5 39. Bf2 Rh1 40. Bd4
Re1 41. Kf2 Re8 42. Kf3 Rd8 43. Ke3 Re8+ 44. Kf3 Re7 45. Bc5 Re1 46. Bd4 Rd1 47.
Ke3 Rb1 48. Kf3 Ra1 49. Ke3 Rd1 50. Bb6 Rf1 51. Bc7 Rd1 52. Bb6 Rd5 53. Bc7 Rd7
54. Bf4 Rd8 55. Bc7 Rd5 56. Bf4 Rd1 57. Ke2 Rg1 58. Kf2 Ra1 59. Ke3 Rd1 60. Ke2
Rd7 61. Ke3 Rd8 62. Bc7 Rc8 63. Bf4 Rd8 64. Bc7 Rd1 65. Bf4 Ke6 66. Bc7 Kd5 67.
Bb6 Rf1 68. Bd4 Re1+ 69. Kf4 Re4+ 70. Kf3 Rxd4 71. cxd4 Kxd4 72. Kf4 Kc4 73. Kg5
Kxb4 74. Kxg6 c5 75. Kxh5 c4 76. g4 c3 77. g5 c2 78. g6 c1=Q 79. g7 Qg1 80. Kh6
Qe3+ 81. Kg6 Qe6+ 82. Kg5 Kc5 83. h5 Kd6 84. h6 Ke7 85. Kh5 Kf7 0-1

[Event "XXVI Miedzynarodowy Festiwal Szachowy w Poznaniu - OPEN A"]
[Site "Poznan"]
[Date "2018-08-19"]
[Round "2.4"]
[White "Kulon, Klaudia "]
[Black "Norov, Artem "]
[Result "1-0"]
[WhiteTitle ""]
[BlackTitle ""]
[WhiteElo "2355"]
[BlackElo "1905"]

1. c4 c6 2. e3 d5 3. b3 Nf6 4. Bb2 Bf5 5. Nf3 Nbd7 6. Nc3 e6 7. Be2 Be7 8. Nh4
Bg6 9. O-O O-O 10. Nxg6 hxg6 11. Qc2 Qc7 12. d4 Rac8 13. e4 dxe4 14. Nxe4 Qf4
15. Nxf6+ Nxf6 16. g3 Qc7 17. Bf3 Rfd8 18. Rfd1 Rd7 19. Bc3 Rcd8 20. Qb2 b6 21.
Rac1 c5 22. Kg2 cxd4 23. Bxd4 Qc8 24. b4 Rc7 25. Qb3 Rcd7 26. Be3 Rxd1 27. Rxd1
Rxd1 28. Bxd1 Ne8 29. Bf3 Qc7 30. Qa4 Nd6 31. c5 Nf5 32. Qe8+ Kh7 33. Qxf7 Nxe3+
34. fxe3 bxc5 35. Be4 Qd8 36. Qxg6+ Kg8 37. Qxe6+ Kh8 38. Qf5 Kg8 39. Bd5+ 1-0

[Event "XXVI Miedzynarodowy Festiwal Szachowy w Poznaniu - OPEN A"]
[Site "Poznan"]
[Date "2018-08-19"]
[Round "2.5"]
[White "Simon, Marek "]
[Black "Chojnacki, Krzysztof "]
[Result "0-1"]
[WhiteTitle ""]
[BlackTitle ""]
[WhiteElo "1902"]
[BlackElo "2352"]

1. d4 Nf6 2. c4 g6 3. Nc3 Bg7 4. e4 d6 5. Nf3 O-O 6. Be2 e5 7. O-O Nc6 8. d5 Ne7
9. b4 Ne8 10. c5 f5 11. Ng5 h6 12. Ne6 Bxe6 13. dxe6 fxe4 14. cxd6 Nxd6 15. b5
Kh7 16. Ba3 Nef5 17. Nd5 Re8 18. Rc1 Rc8 19. Qa4 Nd4 20. Bg4 N6xb5 21. e7 Qxd5
22. Rc5 Qxa2 23. Bxc8 Qxa3 24. Qxa3 Nxa3 25. Bxb7 Rxe7 26. Bxe4 Nab5 27. g3 Nc3
28. Bd3 e4 29. Bc4 Nf3+ 30. Kg2 Bd4 31. Ra5 Nd2 0-1

[Event "XXVI Miedzynarodowy Festiwal Szachowy w Poznaniu - OPEN A"]
[Site "Poznan"]
[Date "2018-08-19"]
[Round "2.6"]
[White "Plichta, Kamil "]
[Black "Stachowiak, Slawomir "]
[Result "1-0"]
[WhiteTitle ""]
[BlackTitle ""]
[WhiteElo "2337"]
[BlackElo "1872"]

1. Nf3 d5 2. g3 Nf6 3. Bg2 g6 4. O-O Bg7 5. d3 O-O 6. c3 c6 7. Nbd2 Nbd7 8. e4
dxe4 9. dxe4 Nc5 10. Ne5 Nd3 11. Nxd3 Qxd3 12. Nb3 Rd8 13. Qxd3 Rxd3 14. h3 e5
15. Be3 b6 16. a4 Be6 17. Nc1 Rd7 18. a5 b5 19. Na2 Bf8 20. Nb4 Bxb4 21. cxb4
Bc4 22. Rfc1 Rc8 23. a6 Rcc7 24. Rc3 Rd3 25. Rxd3 Bxd3 26. f3 Nd7 27. Rd1 Bc4
28. Bh6 f6 29. Be3 Kf7 30. Kf2 h5 31. h4 Ke7 32. Bh3 Be6 33. Bf1 Bb3 34. Rc1 Kd8
35. g4 Be6 36. Be2 Nb8 37. Ra1 Nd7 38. gxh5 gxh5 39. f4 Bf7 40. fxe5 fxe5 41.
Ra3 Bg6 42. Ke1 Ke7 43. Rc3 Kd6 44. Bg5 Bxe4 45. Bxh5 c5 46. bxc5+ Rxc5 47. Be3
Rxc3 48. bxc3 Nb8 49. Bxa7 Nxa6 50. Be2 Kc6 51. h5 Nc5 52. h6 Bh7 53. Bf3+ e4
54. Be2 Nd3+ 55. Kd2 b4 56. c4 Nf4 57. Bf1 Ne6 58. Be3 Nc5 59. Be2 Nb3+ 60. Kc2
Nc5 61. Bh5 Nd3 62. Kb3 Kb7 63. Be8 Kc7 64. Bf7 Kd6 65. Bh5 Kc6 66. Ka4 Kd6 67.
Bd4 Ke6 68. Bg4+ Kd6 69. Bd1 Kc6 70. Ka5 Bg6 71. Ba4+ Kd6 72. Kb6 Ne5 73. Bb3
Nd7+ 74. Kb5 Nb8 75. Kxb4 Nc6+ 76. Kc3 Nxd4 77. Kxd4 Ke7 78. c5 Kf6 79. Bg8 Bf5
80. Bd5 Bc8 81. Bxe4 Kf7 82. Ke5 Kg8 83. c6 Kh8 84. Bf5 Ba6 85. c7 Bb7 86. Kd6
Ba6 87. Kc5 Bb7 88. Kb6 1-0

[Event "XXVI Miedzynarodowy Festiwal Szachowy w Poznaniu - OPEN A"]
[Site "Poznan"]
[Date "2018-08-19"]
[Round "2.7"]
[White "Kozlowski, Tomasz"]
[Black "Zakrzewski, Marek"]
[Result "0-1"]
[WhiteTitle ""]
[BlackTitle ""]
[WhiteElo "1858"]
[BlackElo "2333"]

1. e4 c5 2. Nf3 e6 3. c3 d5 4. e5 d4 5. cxd4 cxd4 6. Bb5+ Bd7 7. Nxd4 Bxb5 8. Nxb5
a6 9. N5c3 Nc6 10. O-O Qd4 11. Ne2 Qxe5 12. d4 Qc7 13. Nbc3 Nf6 14. Qa4 Bd6 15.
d5 Nxd5 16. Nxd5 exd5 17. Nf4 O-O 18. Nxd5 Bxh2+ 19. Kh1 Qe5 20. Nb6 Qh5 21. Qd1
Qh4 22. Bg5 Qxg5 23. Nxa8 Qh4 24. Qd7 f5 25. Qd5+ Kh8 26. g3 Bxg3+ 27. Kg2 Be5
28. Rg1 Rxa8 29. Rae1 Qg4+ 30. Kf1 Qh3+ 31. Rg2 Qh1+ 32. Ke2 Nd4+ 33. Kd1 Qh5+
34. Kc1 Rc8+ 35. Kb1 Qf3 36. Qxf3 Nxf3 37. Rd1 g5 38. Rd7 g4 39. a4 Rc7 40. Rd8+
Kg7 41. Rd3 Ne1 0-1

[Event "XXVI Miedzynarodowy Festiwal Szachowy w Poznaniu - OPEN A"]
[Site "Poznan"]
[Date "2018-08-19"]
[Round "2.8"]
[White "Niekras, Dawid "]
[Black "Plichta, Olga"]
[Result "1-0"]
[WhiteTitle ""]
[BlackTitle ""]
[WhiteElo "2321"]
[BlackElo "1244"]

1. e4 c6 2. d4 d5 3. e5 Bf5 4. Nf3 e6 5. Be2 Nd7 6. O-O Ne7 7. Nbd2 c5 8. c4 Nc6
9. cxd5 exd5 10. dxc5 Bxc5 11. Nb3 Bb6 12. Qxd5 Ndxe5 13. Rd1 Qxd5 14. Rxd5 Nxf3+
15. Bxf3 Be6 16. Rd6 Ke7 17. Bf4 Rhd8 18. Rad1 Rac8 19. Bxc6 Rxc6 20. Rxd8 Bxd8
21. Nd4 Rb6 22. b3 h6 23. Kf1 g5 24. Be3 Rd6 25. Re1 Kf6 26. Nxe6 Rxe6 27. Bxa7
Rxe1+ 28. Kxe1 Bc7 29. Bd4+ Kf5 30. h3 h5 31. Ke2 h4 32. Kd3 Ke6 33. Kc4 f5 34.
a4 f4 35. f3 Bd8 36. b4 Kd6 37. a5 Kd7 38. Kd5 Ke7 39. Bc3 Kd7 40. b5 Kc7 41.
Be5+ Kc8 42. a6 bxa6 43. bxa6 1-0

[Event "XXVI Miedzynarodowy Festiwal Szachowy w Poznaniu - OPEN A"]
[Site "Poznan"]
[Date "2018-08-19"]
[Round "2.9"]
[White "Poltorak, Sebastian"]
[Black "Schmidt, Wlodzimierz "]
[Result "1/2-1/2"]
[WhiteTitle ""]
[BlackTitle ""]
[WhiteElo "1854"]
[BlackElo "2258"]

1. d4 Nf6 2. c4 g6 3. Nc3 d5 4. cxd5 Nxd5 5. e4 Nxc3 6. bxc3 Bg7 7. Bc4 c5 8. Ne2
Nc6 9. Be3 O-O 10. O-O Na5 11. Bd3 b6 12. Rc1 e5 13. d5 c4 1/2-1/2

[Event "XXVI Miedzynarodowy Festiwal Szachowy w Poznaniu - OPEN A"]
[Site "Poznan"]
[Date "2018-08-19"]
[Round "2.10"]
[White "Khamitskiy, Sergei "]
[Black "Duszczak, Dariusz"]
[Result "1-0"]
[WhiteTitle ""]
[BlackTitle ""]
[WhiteElo "2233"]
[BlackElo "1845"]

1. d4 f5 2. g3 e6 3. Bg2 Nf6 4. c4 d5 5. Nh3 c6 6. O-O Bd6 7. Bf4 O-O 8. Nd2 Bxf4
9. Nxf4 Qb6 10. Nb3 dxc4 11. Nc5 Na6 12. Nfxe6 Bxe6 13. Nxe6 Rfe8 14. Nf4 Nb4
15. e3 Nbd5 16. Qc2 Nxf4 17. gxf4 Qb5 18. Rac1 Ne4 19. Bxe4 fxe4 20. Qxc4+ Qxc4
21. Rxc4 Rad8 22. Rc5 Kf7 23. f3 Rd5 24. Rxd5 cxd5 25. Rc1 exf3 26. Rc7+ Re7 27.
Rxe7+ Kxe7 28. Kf2 Kf6 29. Kxf3 Kf5 30. h3 a5 31. b3 b5 32. a3 b4 33. a4 h6 34.
h4 h5 35. e4+ dxe4+ 36. Ke3 Kg4 37. Kxe4 Kxh4 38. d5 g5 39. d6 g4 40. d7 g3 41.
d8=Q+ Kh3 42. Qg5 h4 43. Kf3 1-0